Daniel BROWER Turkestan and the fate of the Russian Empire Londres -- New York, RoutledgeCurzon, 2003, 213 p. (notice n° 1604418)
[ vue normale ]
| 000 -LEADER | |
|---|---|
| fixed length control field | 00550cam a2200145 4500500 |
| 005 - DATE AND TIME OF LATEST TRANSACTION | |
| control field | 20251228093433.0 |
| 041 ## - LANGUAGE CODE | |
| Language code of text/sound track or separate title | fre |
| 042 ## - AUTHENTICATION CODE | |
| Authentication code | dc |
| 100 10 - MAIN ENTRY--PERSONAL NAME | |
| Personal name | Buttino, Marco |
| Relator term | author |
| 245 00 - TITLE STATEMENT | |
| Title | Daniel BROWER Turkestan and the fate of the Russian Empire Londres -- New York, RoutledgeCurzon, 2003, 213 p. |
| 260 ## - PUBLICATION, DISTRIBUTION, ETC. | |
| Date of publication, distribution, etc. | 2004.<br/> |
| 500 ## - GENERAL NOTE | |
| General note | 5 |
| 786 0# - DATA SOURCE ENTRY | |
| Note | Cahiers du monde russe | Vol 45 | 3 | 2004-11-01 | p. 613zw-658zw | 1252-6576 |
| 856 41 - ELECTRONIC LOCATION AND ACCESS | |
| Uniform Resource Identifier | <a href="https://shs.cairn.info/revue-cahiers-du-monde-russe-2004-3-page-613zw?lang=fr&redirect-ssocas=7080">https://shs.cairn.info/revue-cahiers-du-monde-russe-2004-3-page-613zw?lang=fr&redirect-ssocas=7080</a> |
Pas d'exemplaire disponible.




Réseaux sociaux